[Event "Karl Mala Memorial op-B 16th"]
[Site "Frankfurt"]
[Date "2013.07.13"]
[Round "4"]
[White "Wenzel, Calvin"]
[Black "Holst, Simon"]
[Result "0-1"]
[WhiteElo "1057"]
[BlackElo "1399"]
[PlyCount "128"]
[EventDate "2013.07.11"]
[EventType "swiss"]
[EventRounds "7"]
[EventCountry "GER"]
[SourceTitle "CBM 155 Extra"]
[Source "ChessBase"]
[SourceDate "2013.08.26"]
[SourceVersion "1"]
[SourceVersionDate "2013.08.26"]
[SourceQuality "1"]

1. e4 e5 2. Nf3 Nc6 3. Bc4 Bc5 4. d3 Nf6 5. Be3 Qe7 6. Nc3 Bxe3 7. fxe3 Qc5 8. Qe2 Ng4 9. Bxf7+ Kxf7 10. Nd5 Qa5+ 11. c3 h6 12. b4 Qa3 13. Qd2 Rb8 14. Nxc7 Rf8 15. h3 Nf6 16. b5 Ne7 17. Nxe5+ Kg8 18. Nd5 Nfxd5 19. exd5 Qd6 20. Ng4 Nxd5 21. e4 Nf6 22. e5 Qe6 23. Qe2 Nxg4 24. hxg4 Re8 25. d4 d6 26. Rh5 Qxg4 27. Qxg4 Bxg4 28. Rh4 h5 29. Kf2 dxe5 30. dxe5 Rxe5 31. a4 Re2+ 32. Kg1 Rc2 33. Rh1 Re8 34. Kf1 Rf8+ 35. Kg1 Rff2 36. Rh2 h4 37. Re1 Rfd2 38. a5 g5 39. c4 Rxc4 40. g3 Rxh2 41. Kxh2 Rc2+ 42. Kg1 hxg3 43. Re5 Rc7 44. Rxg5+ Rg7 45. Rc5 Kf7 46. Rc7+ Kf6 47. Rc3 Be2 48. b6 axb6 49. axb6 Ba6 50. Kg2 Ke6 51. Rf3 Rg6 52. Rb3 Kd5 53. Rxg3 Rxg3+ 54. Kxg3 Kc5 55. Kf3 Kxb6 56. Ke3 Kc5 57. Kd2 Kc4 58. Kc2 b5 59. Kb2 b4 60. Kc2 b3+ 61. Kb2 Kb4 62. Kb1 Ka3 63. Ka1 b2+ 64. Kb1 Bd3# 0-1